| 000 | 01170cam a22003377a 4500 | ||
|---|---|---|---|
| 003 | CHAP | ||
| 005 | 20220329134730.0 | ||
| 008 | 971013s1976 r 00010 d | ||
| 010 | _a24993 | ||
| 011 | _a25965 | ||
| 035 | _a30065 | ||
| 040 | _cCHAP | ||
| 090 | _aFolleto 10808 | ||
| 110 |
_aInstituto Interamericano de Ciencias Agrícolas de la OEA. _959209 |
||
| 245 | 0 | _aGuía para confeccionar paquetes de información tecnológica | |
| 260 |
_aSan José, C. R. : _bInstituto Interamericano de Ciencias Agrícolas, _c1976 |
||
| 300 |
_a48 h. _b: ilus |
||
| 490 | 0 |
_aManual _v; 9 |
|
| 590 |
_aBATCH-UPD _b10 _c20130110 _lUCH01 _h1017 |
||
| 590 |
_aBATCH-UPD _b10 _c20130410 _lUCH01 _h0624 |
||
| 590 |
_aBATCH-UPD _b10 _c20130913 _lUCH01 _h2125 |
||
| 590 |
_aBATCH-UPD _b10 _c20130914 _lUCH01 _h1744 |
||
| 590 |
_aCONVERSION _b10 _c20130109 _lUCH01 _h1314 |
||
| 650 | 1 | 4 |
_aAgricultura _xInnovaciones tecnológicas. _91565 |
| 650 | 1 | 4 |
_aAgricultura _xSistemas de información. _91796 |
| 650 | 1 | 4 |
_aProcesamiento automático de datos. _991738 |
| 830 | 0 |
_aManual _v; 9 _970599 |
|
| 901 | _aBK | ||
| 942 | _cFOLL | ||
| 949 |
_aFolleto 10808 _bBC _cFOLL _d-69367 _eTS1 _i30065 _mD _si |
||
| 999 |
_c24993 _d24993 |
||